000 00419nam a2200157 a 4500
005 20140412111323.0
008 001219s19uu xx 00 eng d
020 _a0-307-00141-5
050 _aER
_bCh436 1992
100 _aAnglund, Joan Walsh
245 _aA child's year /
_cJoan Walsh Anglund.
260 _aNew York :
_bA Golden Book,
_c1992.
300 _a1 v. (unp.) ; ill.
650 _aPoems
999 _c104448
_d104448